00728nam a2200181 i 4500003000900000005001700009007000300026008004100029040002500070082001700095110010400112245012100216264009500337300002600432336002700458337003300485338002800518DO-SdBNP20251010104458.0ta211013e199- dr ||||fr|||| 001 0 spa d aDO-SdBNPbspacBNPHU 4222bxxxaxxx1 aRepública Dominicana.bSecretariado Técnico de la Presidencia.bOficina Nacional de Presupuesto10aManual de estudio para los interesados en obtener licencias de intermediarios en operaciones de segugos provisional  1aSanto Domingo :bSecretaría de Estado de Finanzas;bSuperintendencia de Seguros,c199-?. a89 páginas;c21 cm. atextobtxt2rdacontent asin mediaciónbn2rdamedia avolumenbnc2rdacarrier